| 000 | 01102 a2200193 4500 | ||
|---|---|---|---|
| 003 | NUST | ||
| 005 | 20230209143032.0 | ||
| 010 | _a 97016965 | ||
| 020 | _a0813388090 (alk. paper) | ||
| 040 | _cNust | ||
| 082 | 0 | 0 | _a954.91,SHA |
| 100 | 1 |
_aShafqat, Saeed. _937685 |
|
| 245 | 1 | 0 |
_aCivil-military relations in Pakistan : _bfrom Zulfikar Ali Bhutto to Benazir Bhutto / _cSaeed Shafqat. |
| 260 |
_aBoulder, Colo. : _bWestview Press ; _a[Lahore], Pakistan : _bPak Book Corp., _c1997. |
||
| 300 |
_axii, 283 p. ; _c24 cm. |
||
| 505 | _aIntroduction (Page-1), Military Bureaucracy and Party Politics (Page-21), Breakdown of the Military Hegemonic systems and the emergence of the Pakistan People (Page-57), Patterns of Conflict in a post Military Hegemonic political System (Page-79), The Politics of economic reforms and Resistance (Page-115), Patterns of Civil Military Relations (Page-165), Military Hegemony Politics and Legacies (Page-189), Struggle for Party Dominance Benazir Bhutto VS Nawaz Shrif (Page-225). | ||
| 650 | 0 |
_aCivil-military relations _zPakistan. _924541 |
|
| 942 |
_2ddc _cBK _k954.91,SHA |
||
| 999 |
_c186736 _d186736 |
||